|
|
|
|
| LEADER |
00000nam0a2200000 4500 |
| 001 |
31237 |
| 005 |
20231101210026.0 |
| 010 |
|
|
|a 5244009923
|
| 035 |
|
|
|a (RuTPU)RU\TPU\book\31514
|
| 035 |
|
|
|a BOOK00031593
|
| 090 |
|
|
|a 31237
|
| 100 |
|
|
|a 20011209d2001 m y0rusy50 ca
|
| 101 |
0 |
|
|a rus
|
| 102 |
|
|
|a RU
|
| 105 |
|
|
|a a 000zy
|
| 200 |
1 |
|
|a Современная российская многопартийность
|e видимость и сущность
|f С. С. Сулакшин
|
| 210 |
|
|
|a Москва
|c Мысль
|d 2001
|
| 215 |
|
|
|a 207 с.
|c ил.
|
| 510 |
1 |
|
|a Свидетельство не со стороны
|
| 606 |
1 |
|
|a Государственные и политические деятели Российской Федерации
|x Внутренняя политика
|x Персоналии
|2 stltpush
|3 (RuTPU)RU\TPU\subj\68275
|
| 606 |
1 |
|
|a Политические партии
|x История
|y Россия
|2 stltpush
|3 (RuTPU)RU\TPU\subj\67661
|9 83382
|
| 610 |
1 |
|
|a политика
|
| 610 |
1 |
|
|a внутренняя политика
|
| 610 |
1 |
|
|a политические партии
|
| 610 |
1 |
|
|a Россия
|
| 610 |
1 |
|
|a многопартийность
|
| 686 |
|
|
|a Ф69(2)
|v LBC/SL-A
|2 rubbk
|
| 700 |
|
1 |
|a Сулакшин
|b С. С.
|c российский радиофизик
|c депутат Государственной Думы
|f 1954-
|g Степан Степанович
|2 stltpush
|3 (RuTPU)RU\TPU\pers\12525
|
| 801 |
|
0 |
|a RU
|b 63413507
|c 20011209
|g PSBO
|
| 801 |
|
2 |
|a RU
|b 63413507
|c 20160217
|g PSBO
|
| 942 |
|
|
|c BK
|